Alle Alligatoah Alben - Statistiken

Allgemein
  • Dieses Quiz wurde 53 mal gespielt
  • Das Durchschnittsergebnis liegt bei 5 aus 7
Antwortstatistiken
Veröffentlicht Name % Korrekt
2013 Triebwerke
93%
2015 Musik ist keine Lösung
87%
2024 Off
80%
2008 In Gottes Namen
67%
2018 Schlaftabletten, Rotwein V
60%
2022 Rotz & Wasser
53%
2006 Attntaat
42%
Keine übereinstimmenden Quizze gefunden
Verteilung der Resultate
Anzahl Personen mit jedem Resultat
Perzentil nach korrekt beantworteten Fragen
Ihre Resultats-Entwicklung
Sie haben dieses Quiz noch nicht gespielt